All Coi Leray Songs - Statistics

General Stats
  • This quiz has been taken 19 times
    11 since last reset
  • The average score is 15 of 90
Answer Stats
Album Song % Correct
COI Players
88%
Single #16 Baby Don't Hurt Me
63%
Trendsetter Anxiety
25%
Trendsetter (EP) Big
25%
Trendsetter Big Purr (Prrdd)
25%
Trendsetter Blick Blick
25%
COI Bops
25%
Single #18 Can't Come Back
25%
Single #12 Fly Sh!t
25%
COI Get Loud
25%
Single #2 Good Day
25%
EC2 Huddy
25%
Single #19 Lemon Cars
25%
COI Man's World
25%
Now or Never Messy
25%
Trendsetter No More Parties
25%
Single #15 Nonsense (Remix)
25%
Trendsetter Overthinking
25%
Everythingcoz Pac Girl
25%
Now or Never Slide
25%
Trendsetter Twinnem
25%
EC2 VVS
25%
Single #17 Wanna Come Thru
25%
Single #9 What U Want
25%
Blue Moon 3,2,1 (Trust)
13%
Trendsetter (EP) Add It
13%
EC2 All Black
13%
Single #8 At the Top
13%
Trendsetter Aye Yai Yai
13%
Single #5 Beat It Up
13%
Trendsetter Be Me
13%
Now or Never Better Days
13%
EC2 Big Bank Roll
13%
EC2 Big Dawgs
13%
Everythingcoz Big Mac
13%
COI Black Rose
13%
Single #6 Bout Me
13%
Trendsetter Box & Papers
13%
Trendsetter Clingy
13%
COI Come and Go
13%
EC2 Did It
13%
Now or Never Do Better
13%
COI Don't Chat Me Up
13%
Everythingcoz Feel Inside
13%
Now or Never Fuq Boa
13%
Everythingcoz G.A.N
13%
Everythingcoz Gold Rush
13%
Trendsetter Heartbreak Kid
13%
Trendsetter Heart in a Coffin
13%
Trendsetter Hollywood Dreams
13%
Everythingcoz I Get It
13%
Now or Never I Like It
13%
Single #11 Involved
13%
Blue Moon Isabel Marant
13%
Everythingcoz Just Like Me
13%
Everythingcoz Life Goes On
13%
Blue Moon Liquor and Weed
13%
Trendsetter Lonely Fans
13%
COI Make My Day
13%
Single #3 Merry Xmas
13%
Trendsetter Mission Impossible
13%
Trendsetter Mountains
13%
Trendsetter Mustard's Interlude
13%
COI My Body
13%
COI No Angels
13%
Everythingcoz No Letting Up
13%
Single No Longer Mine
13%
Single #10 Okay Yeah!
13%
COI On My Way
13%
Trendsetter Paranoid
13%
COI Phuck It
13%
COI Radioactive
13%
Trendsetter (EP) Rick Owens
13%
COI Run It Up
13%
COI Spend It
13%
Blue Moon Still Dreaming
13%
Trendsetter Thief in the Night
13%
Everythingcoz Things Change
13%
EC2 Tired
13%
Trendsetter Too Far
13%
EC2 To the Moon
13%
Everythingcoz Two Step Witcho Bish
13%
Everythingcoz Uptop
13%
Everythingcoz Wanna Be a Freak
13%
Single #14 Wasted
13%
Blue Moon Wicked Butterflies
13%
COI B***h Girl
0%
EC2 Dope Vipes
0%
Single #4 On Ice
0%
Single #7 Options (Remix)
0%
No matching quizzes found
Score Distribution
Percent of People with Each Score
Percentile by Number Answered
Your Score History
You have not taken this quiz since the last reset